| 000 | 004660000a22001810004500 | ||
|---|---|---|---|
| 003 | MACL | ||
| 005 | 20150712161639.0 | ||
| 008 | 150712b xxu||||| |||| 00| 0 eng d | ||
| 040 |
_aMACL _cMACL |
||
| 041 | _aEnglish | ||
| 082 | _a320/SHU | ||
| 100 |
_aShukla, S.K. _91967 |
||
| 245 | _aGandhian Satyagraha And His Champaran Movement | ||
| 260 |
_bOmega Publications _c2008 _aNew Delhi |
||
| 350 | _a550 | ||
| 650 |
_aPolitical Science _988 |
||
| 942 |
_cBK _k320 _2ddc |
||
| 999 |
_c18893 _d18893 |
||